000 00429nam a2200181Ia 4500
001 7357
005 20260306160449.0
008 260306t1988||||xx |||||||||||||| ||spa||
041 _aESP
082 _a338.6
_bT59
100 _aTirole, Jean
_eAUT
245 4 _aThe theory of industrial organization
260 _c1988
300 _axii, 479 páginas :
_c26 cm.
650 _aGEN
654 _aCAN
942 _cLIB
_dJUS
_fJUS
_2ddc
_n
999 _c7357
_d7357